Statistiques concernant Qui a chanté ça ?

Cliquez ici pour prendre le quiz!

Statistiques générales

  • Ce quiz a été pris 64 fois
  • Le résultat moyen est 6 sur 24

Statistiques - réponses

QuestionRéponse% Correct
Si t’es souvent seul avec tes problèmes, c’est parce que, souvent, le problème, c’est toiOrelsan
60%
Le seul remède, c'est l'tempsOrelsan
52%
Evidemment que je suis jalouxDadju
50%
Pour être un fils de pute, pas besoin d’avoir une daronne sur un trottoirOrelsan
45%
Relation discrète, relation parfaite Vivons cachés, on aura moins de problèmesNinho
43%
J’fais la fête, j’écoute pas les ragotsSoolking
43%
Marion Maréchal me suit sur Twitter J’aimerais la baiser, briser son p’tit cœur J’ai envoyé ma bite et un emoji fleur Bonjour au papy, j’suis pressé qu’il meureOrelsan
38%
J'aurai été dans la cellule de Mandela pour lui dire tiens le coup, tes idées seront président du Sud-AfricaSoprano
35%
Quand on sera sûr de nous, on pourra bombarderDadju
30%
Je suis le roi de la rime, le maestro de la prose, Mes mots sont des flèches, ils percent comme des doses, Dans l'arène du rap, je laisse les autres en pauseChatGPT
28%
Dans ce game, je suis la tornade, tes rimes sont juste une brise légère, Mon flow déchire tout sur son passage, t'es qu'un petit éclair éphémèreChatGPT
27%
J'gravis les échelons, pas besoin d'ascenseur, Mon rap c'est l'or brut, le tien c'est du beurre, T'essaies de rivaliser, mais tu finis en déconfitureChatGPT
23%
On s'oubliera peut-être par fiertéNinho
23%
J’aime mon reuf, j’aime ses blagues, mais j’le préférais en vieZiak
20%
J’ai les contacts de grands braqueurs, j’ai les contacts de grands banquiersZiak
18%
Comprends qu'on peut pas tout exposer sur nous, pour nousDadju
17%
Quelques minutes peuvent bousculer ta life, te faire malLefa
17%
A la base, j’étais un bon gars, mais bon...Ninho
13%
J'dis pas qu'les erreurs ça existe pas, mais 2 fois, 3 fois ça ressemble à un choixZiak
12%
Ils sont plein de haine et ils parlent de paix, l’hypocrisie est leur meilleure amieSoolking
10%
J'savais pas qu'y avait d'la haine dans l'amourLefa
8%
Fuis les problèmes avant qu’on vienne t’en sortir un autreLefa
7%
Y’aura du ciment sur mes mains pour bâtir ton avenir, y’aura du sang sur mes mains si un homme te fait souffrirSoprano
7%
J’veux être un classique comme le vinyleSoolking
3%

Distribution des résultats

Percentile par nombre de réponses

% des personnes avec chaque résultat

Votre développement - résultats

Vous n’avez pas pris ce quiz